000 00380nam a2200157Ia 4500
008 230516s9999 xx 000 0 und d
041 _aeng
082 _a612.015
_bLEH/ COX
100 _aLEHINIGER,COX
245 _aPRINCIPLE OF BIOCHEMISTRY
260 _bC.B.S. PUBLISHERS & DISTRUTORS
_c1993
300 _a1013
500 _aHB
520 _aBCP
650 _aBIOCHEMISTRY
999 _c362472
_d362472